000 00503nam a22001817a 4500
999 _c10356
_d10356
003 AR-CdUCM
008 190401b ||||| |||| 00| 0 spa d
040 _aMUNICIPALIDAD PROVINCIAL DEL CUSCO
_cBIBLIOTECA MUNICIPAL DEL CUSCO
082 _aEP / 268 /
_bR382
110 _aSantillana
_918102
245 _aReligión 6° /
300 _a112 páginas ;
_c27 cm.
650 _aReligión.
_91195
650 _aOración.
_916660
650 _aPadre nuestro.
_927154
942 _2ddc
_cLIBROS
945 _awfj